Statistics for 7 World Capitals with Twice as many Letters as their Countries

Click here to take the quiz!

General Stats

  • This quiz has been taken 72 times
  • The average score is 4 of 7

Answer Stats

RatioCapital% Correct
2.83Bandar Seri Begawan
74%
2N'Djamena
67%
2.88Sri Jayawardenepura Kotte
65%
2.25Vientiane
63%
2.4Port-au-Prince
54%
2Andorra la Vella
43%
2Libreville
20%

Score Distribution

Percentile by Number Answered

Percent of People with Each Score

Your Score History

You have not taken this quiz